1332 1538 1549 1345 1745 1084 1997 1564 1324 1081 1824 1799 1414 1598 1449 1648 1610 1093 1861 1194 1333 1461 1503 1072 1666 1786 1148 1769 1406 1687 1679 1636 1520 1447 1168 1986 1920 1831 1471 1248 1057 1625 1620 1769 1760 1881 1790 1728 1246 1691 1816 1917 1122 1157 1651 1729 1441 1914 1748 1086 1138 1947 1484 1238 1849 1145 1605 1400 1810 1319 1964 1167 1403 1465 1764 1659 1519 1831 1279 1734 1998 1793 1941 1329 1750 1210 1697 1116 1459 1251 1132 1125 1516 1654 1025 1923 1266 1626 1907 BCNSPRNW ULIB Ver.6.0+V

เปลี่ยนเป็นภาษาไทย

Change to English
 แสดงรายละเอียดบรรณานุกรม
  กลับหน้าหลัก

Brief Record : Get Marc (ISO 2709) : E-mail record : QR code < ปิดหน้าต่าง
LEADER : 00000nam 2200000uu 4500
001    13399120035
003     ULIB
008    120822s2554||||th 000 0 tha d
020    ^a9786167375656
060  4 ^aWF225^bว473C
100 0  ^aวิวัฒนา ถนอมเกียรติ
245 10 ^aChest X-ray : กรณีศึกษา clinicopathological correlation และความคิดเชิงพิจารณ์ Diffuse lung disease เล่ม 1 /^cวิวัฒนา ถนอมเกียรติ
250    ^aพิมพ์ครั้งที่ 1
260    ^aสงขลา :^bชานเมืองการพิมพ์;^c2554
300    ^a96 หน้า:^bภาพประกอบ;^c26ซม.
650  7 ^aDiagnostic Imaging
650  7 ^aRadiography
650  7 ^aทรวงอก^xการบันทึกภาพด้วยรังสี
650  7 ^aทรวงอก^xการถ่ายเอ็กซเรย์ก้อนในทรวงอก
945    ^p220^l0^i032533
945    ^p220^l0^i032534
945    ^p220^l0^i032535
945    ^p220^l0^i032536
995    ^aเกษร
999 ^a ใช้งานได้ทุกระบบ
รายการนี้ยังไม่มีแท็ก
คุณยังไม่ได้ล็อกอิน คุณสามารถมีกิจกรรมร่วมกับเว็บไซต์ได้ แต่ต้องล็อกอินก่อน ::
  ล็อกอิน

รายการสื่อสารสนเทศ

ลำดับที่ ประเภท เลขเรียก/บาร์โค้ด สถานที่ สถานะ
1. วิทยาศาสตร์การแพทย์ และสุขภาพ
หนังสือสำรอง
สถานะ=หนังสือสำรอง
WF225 ว473C ฉ.1 
  Barcode: 032533
ห้องสมุดวิทยาเขตสวรรค์ประชารักษ์
►ส่วนจัดเก็บหนังสือเก่า สปร
บนชั้น
  ขอยืม
2. วิทยาศาสตร์การแพทย์ และสุขภาพ
วิทยาศาสตร์การแพทย์ และสุขภาพ
WF225 ว473C ฉ.2 
  Barcode: 032534
ห้องสมุดวิทยาเขตสวรรค์ประชารักษ์
►ส่วนจัดเก็บหนังสือเก่า สปร
บนชั้น
  ขอยืม
3. วิทยาศาสตร์การแพทย์ และสุขภาพ
วิทยาศาสตร์การแพทย์ และสุขภาพ
WF225 ว473C ฉ.3 
  Barcode: 032535
ห้องสมุดวิทยาเขตสวรรค์ประชารักษ์
►ส่วนจัดเก็บหนังสือเก่า สปร
บนชั้น
  ขอยืม
4. วิทยาศาสตร์การแพทย์ และสุขภาพ
วิทยาศาสตร์การแพทย์ และสุขภาพ
WF225 ว473C ฉ.4 
  Barcode: 032536
ห้องสมุดวิทยาเขตสวรรค์ประชารักษ์
►ส่วนจัดเก็บหนังสือเก่า สปร
บนชั้น
  ขอยืม

รายการใกล้เคียง
    ผู้แต่ง [วิวัฒนา ถนอมเกียรติ]

    หัวเรื่อง [Diagnostic Imaging]
    หัวเรื่อง [Radiography]

BibComment


ยังไม่เคยถูกคอมเมนท์

คอมเมนท์ทรัพยากรรายการนี้
  คอมเมนท์: Chest Xray กรณี..


 Copyright 2026. Bcnsprnw @Library